|
|
|
|
| LEADER |
01192nab a2200337 i 4500 |
| 001 |
publ23826 |
| 005 |
20220318142138.0 |
| 008 |
220318s2021 hu o 0|| Angol d |
| 022 |
|
|
|a 0223-5234
|
| 024 |
7 |
|
|a 10.1016/j.ejmech.2021.113459
|2 doi
|
| 024 |
7 |
|
|a 31984388
|2 mtmt
|
| 040 |
|
|
|a SZTE Publicatio Repozitórium
|b hun
|
| 041 |
|
|
|a Angol
|
| 100 |
1 |
|
|a Rimpilauinen Tatu
|
| 245 |
1 |
0 |
|a Increased antibacterial properties of indoline-derived phenolic Mannich bases
|h [elektronikus dokumentum] /
|c Rimpilauinen Tatu
|
| 260 |
|
|
|c 2021
|
| 300 |
|
|
|a Terjedelem: 11 p-Azonosító: 113459
|
| 490 |
0 |
|
|a EUROPEAN JOURNAL OF MEDICINAL CHEMISTRY
|v 220
|
| 650 |
|
4 |
|a Általános orvostudomány
|
| 700 |
0 |
1 |
|a Nunes Alexandra
|e aut
|
| 700 |
0 |
1 |
|a Calado Rita
|e aut
|
| 700 |
0 |
1 |
|a Fernandes Ana S.
|e aut
|
| 700 |
0 |
1 |
|a Andrade Joana
|e aut
|
| 700 |
0 |
1 |
|a Ntungwe Epole
|e aut
|
| 700 |
0 |
1 |
|a Spengler Gabriella
|e aut
|
| 700 |
0 |
1 |
|a Szemerédi Nikoletta
|e aut
|
| 700 |
0 |
1 |
|a Rodrigues Joaeo
|e aut
|
| 700 |
0 |
1 |
|a Gomes Joaeo Paulo
|e aut
|
| 700 |
0 |
1 |
|a Rijo Patricia
|e aut
|
| 700 |
0 |
1 |
|a Candeias Nuno R.
|e aut
|
| 856 |
4 |
0 |
|u http://publicatio.bibl.u-szeged.hu/23826/1/31984388_EJMC_paper_final_2021.pdf
|z Dokumentum-elérés
|